Fr. Conceicao Rodrigues College of Engineering

Std.handbook of machine design (Record no. 20992)

MARC details
000 -LEADER
fixed length control field 00284nam a2200121Ia 4500
082 ## - DEWEY DECIMAL CLASSIFICATION NUMBER
Classification number 1.53
Item number SHI
100 ## - MAIN ENTRY--PERSONAL NAME
Personal name Shigley/ J.E/ Mischke/C.R
245 ## - TITLE STATEMENT
Title Std.handbook of machine design
260 ## - PUBLICATION, DISTRIBUTION, ETC.
Name of publisher, distributor, etc. Mc Graw Hill
Place of publication, distribution, etc. New York
Date of publication, distribution, etc. 1986
546 ## - LANGUAGE NOTE
Language note ENGLISH
654 ## - SUBJECT ADDED ENTRY--FACETED TOPICAL TERMS
Focus term handbook
942 ## - ADDED ENTRY ELEMENTS (KOHA)
Koha item type Reference Book
Holdings
Withdrawn status Lost status Damaged status Not for loan Collection Home library Current library Date acquired Cost, normal purchase price Total Checkouts Full call number Barcode Date last seen Cost, replacement price Price effective from Koha item type
        CRC Fr. Agnel's C.Rodrigues College of Engineering Fr. Agnel's C.Rodrigues College of Engineering 17/03/2023 2082.10   1.53 SHI 2231 17/03/2023 2082.10 17/03/2023 Reference Book